| 000 | 00599nam a2200205Ia 4500 | ||
|---|---|---|---|
| 008 | 260428s9999 xx 000 0 und d | ||
| 020 | _a9789561414648 | ||
| 082 | _a378.83 H411u 2014 | ||
| 100 |
_aHax, Arnoldo _94240 |
||
| 100 |
_aUgarte, Juan José _935846 |
||
| 245 | 0 | _aHacia la gran universidad chilena: un modelo de transformación estratégica | |
| 260 | _aEdiciones Universidad Católica de Chile | ||
| 260 | _bSantiago, Chile | ||
| 260 | _c2014 | ||
| 300 | _a290p. | ||
| 650 |
_aChile _9121 |
||
| 650 |
_aEducación Superior _9292 |
||
| 650 |
_aUniversidades _990 |
||
| 942 | _clibro | ||
| 999 |
_c20519 _d20519 |
||